<?xml version="1.0" encoding="UTF-8"?>
<record
    xmlns:xsi="http://www.w3.org/2001/XMLSchema-instance"
    xsi:schemaLocation="http://www.loc.gov/MARC21/slim http://www.loc.gov/standards/marcxml/schema/MARC21slim.xsd"
    xmlns="http://www.loc.gov/MARC21/slim">

  <leader>01530nam a22002417a 4500</leader>
  <datafield tag="999" ind1=" " ind2=" ">
    <subfield code="c">58695</subfield>
    <subfield code="d">58695</subfield>
  </datafield>
  <controlfield tag="003">Ge_BSU</controlfield>
  <controlfield tag="005">20220630123522.0</controlfield>
  <controlfield tag="008">220630s2021    ge ||||| |||| 00| 0 geo d</controlfield>
  <datafield tag="041" ind1=" " ind2=" ">
    <subfield code="a">geo</subfield>
  </datafield>
  <datafield tag="080" ind1=" " ind2=" ">
    <subfield code="a">637.3 &#x10EC;-17</subfield>
  </datafield>
  <datafield tag="245" ind1=" " ind2=" ">
    <subfield code="a">&#x10EC;&#x10D0;&#x10D7;&#x10EE;&#x10D8;&#x10E1; &#x10E7;&#x10D5;&#x10D4;&#x10DA;&#x10D8;&#x10E1; &#x10EC;&#x10D0;&#x10E0;&#x10DB;&#x10DD;&#x10D4;&#x10D1;&#x10D0; :</subfield>
    <subfield code="b">&#x10E1;&#x10D0;&#x10EE;&#x10D4;&#x10DA;&#x10DB;&#x10EB;&#x10E6;&#x10D5;&#x10D0;&#x10DC;&#x10D4;&#x10DA;&#x10DD; /</subfield>
    <subfield code="c">&#x10EC;&#x10D8;&#x10D2;&#x10DC;&#x10D6;&#x10D4; &#x10DB;&#x10E3;&#x10E8;&#x10D0;&#x10DD;&#x10D1;&#x10D3;&#x10DC;&#x10D4;&#x10DC; &#x10D2;&#x10D8;&#x10D5;&#x10D8; &#x10D1;&#x10D0;&#x10E1;&#x10D8;&#x10DA;&#x10D0;&#x10D6;&#x10D4;, &#x10D4;&#x10DA;&#x10D4;&#x10DC;&#x10D4; &#x10D2;&#x10D8;&#x10DD;&#x10E0;&#x10D2;&#x10D0;&#x10EB;&#x10D4;, &#x10D8;&#x10E0;&#x10DB;&#x10D0; &#x10D0;&#x10DC;&#x10D7;&#x10D8;&#x10D0;, &#x10D6;&#x10E3;&#x10E0;&#x10D0;&#x10D1; &#x10DE;&#x10D0;&#x10DE;&#x10D8;&#x10D0;&#x10E8;&#x10D5;&#x10D8;&#x10DA;&#x10D8;, &#x10D7;&#x10D0;&#x10DB;&#x10D0;&#x10E0; &#x10E4;&#x10D8;&#x10E0;&#x10D0;&#x10DC;&#x10D8;&#x10E8;&#x10D5;&#x10D8;&#x10DA;&#x10D8;.</subfield>
  </datafield>
  <datafield tag="264" ind1=" " ind2=" ">
    <subfield code="c">2021.</subfield>
  </datafield>
  <datafield tag="300" ind1=" " ind2=" ">
    <subfield code="a">276 &#x10D2;&#x10D5;.:</subfield>
    <subfield code="b">&#x10D8;&#x10DA;.;</subfield>
    <subfield code="c">25 &#x10E1;&#x10DB;.</subfield>
  </datafield>
  <datafield tag="500" ind1=" " ind2=" ">
    <subfield code="a">&#x10E1;&#x10D0;&#x10EE;&#x10D4;&#x10DA;&#x10DB;&#x10EB;&#x10E6;&#x10D5;&#x10D0;&#x10DC;&#x10D4;&#x10DA;&#x10DD; &#x10E8;&#x10D4;&#x10D3;&#x10D2;&#x10D4;&#x10DC;&#x10D8;&#x10DA;&#x10D8;&#x10D0; &#x10D2;&#x10D0;&#x10D4;&#x10E0;&#x10DD;&#x10E1; &#x10D2;&#x10D0;&#x10DC;&#x10D5;&#x10D8;&#x10D7;&#x10D0;&#x10E0;&#x10D4;&#x10D1;&#x10D8;&#x10E1; &#x10DE;&#x10E0;&#x10DD;&#x10D2;&#x10E0;&#x10D0;&#x10DB;&#x10D8;&#x10E1;&#x10D0; (UNDP) &#x10D3;&#x10D0; &#x10E8;&#x10D5;&#x10D4;&#x10D8;&#x10EA;&#x10D0;&#x10E0;&#x10D8;&#x10D8;&#x10E1; &#x10D2;&#x10D0;&#x10DC;&#x10D5;&#x10D8;&#x10D7;&#x10D0;&#x10E0;&#x10D4;&#x10D1;&#x10D8;&#x10E1;&#x10D0; &#x10D3;&#x10D0; &#x10D7;&#x10D0;&#x10DC;&#x10D0;&#x10DB;&#x10E8;&#x10E0;&#x10DD;&#x10DB;&#x10DA;&#x10DD;&#x10D1;&#x10D8;&#x10E1; &#x10E1;&#x10D0;&#x10D0;&#x10D2;&#x10D4;&#x10DC;&#x10E2;&#x10DD;&#x10E1; (SDC) &#x10DB;&#x10EE;&#x10D0;&#x10E0;&#x10D3;&#x10D0;&#x10ED;&#x10D4;&#x10E0;&#x10D8;&#x10D7;.</subfield>
  </datafield>
  <datafield tag="504" ind1=" " ind2=" ">
    <subfield code="a">&#x10D1;&#x10D8;&#x10D1;&#x10DA;&#x10D8;&#x10DD;&#x10D2;&#x10E0;. &#x10D2;&#x10D5;. 276</subfield>
  </datafield>
  <datafield tag="653" ind1=" " ind2=" ">
    <subfield code="a">&#x10EC;&#x10D0;&#x10D7;&#x10EE;&#x10D8;&#x10E1;  &#x10E7;&#x10D5;&#x10D4;&#x10DA;&#x10D8;&#x10E1; &#x10EC;&#x10D0;&#x10E0;&#x10DB;&#x10DD;&#x10D4;&#x10D1;&#x10D0; </subfield>
  </datafield>
  <datafield tag="700" ind1=" " ind2=" ">
    <subfield code="a">&#x10D1;&#x10D0;&#x10E1;&#x10D8;&#x10DA;&#x10D0;&#x10EB;&#x10D4;, &#x10D2;&#x10D8;&#x10D5;&#x10D8;</subfield>
    <subfield code="9">12609</subfield>
  </datafield>
  <datafield tag="700" ind1=" " ind2=" ">
    <subfield code="a">&#x10D2;&#x10D8;&#x10DD;&#x10E0;&#x10D2;&#x10D0;&#x10EB;&#x10D4;, &#x10D4;&#x10DA;&#x10D4;&#x10DC;&#x10D4;</subfield>
    <subfield code="9">14249</subfield>
  </datafield>
  <datafield tag="700" ind1=" " ind2=" ">
    <subfield code="a">&#x10D0;&#x10DC;&#x10D7;&#x10D8;&#x10D0;, &#x10D8;&#x10E0;&#x10DB;&#x10D0;</subfield>
    <subfield code="9">14250</subfield>
  </datafield>
  <datafield tag="700" ind1=" " ind2=" ">
    <subfield code="a">&#x10DE;&#x10D0;&#x10DE;&#x10D8;&#x10D0;&#x10E8;&#x10D5;&#x10D8;&#x10DA;&#x10D8;, &#x10D6;&#x10E3;&#x10E0;&#x10D0;&#x10D1;</subfield>
    <subfield code="9">14251</subfield>
  </datafield>
  <datafield tag="700" ind1=" " ind2=" ">
    <subfield code="a">&#x10E4;&#x10D8;&#x10E0;&#x10D0;&#x10DC;&#x10D8;&#x10E8;&#x10D5;&#x10D8;&#x10DA;&#x10D8;,&#x10D7;&#x10D0;&#x10DB;&#x10D0;&#x10E0;</subfield>
    <subfield code="9">14252</subfield>
  </datafield>
  <datafield tag="942" ind1=" " ind2=" ">
    <subfield code="2">udc</subfield>
    <subfield code="c">BK</subfield>
  </datafield>
  <datafield tag="952" ind1=" " ind2=" ">
    <subfield code="0">0</subfield>
    <subfield code="1">0</subfield>
    <subfield code="2">udc</subfield>
    <subfield code="4">0</subfield>
    <subfield code="6">6373_&#x10EC;17</subfield>
    <subfield code="7">0</subfield>
    <subfield code="9">92320</subfield>
    <subfield code="a">prof</subfield>
    <subfield code="b">prof</subfield>
    <subfield code="c">GEN</subfield>
    <subfield code="d">2022-06-30</subfield>
    <subfield code="g">8.00</subfield>
    <subfield code="o">637.3 &#x10EC;-17</subfield>
    <subfield code="p">62919</subfield>
    <subfield code="r">2022-06-30</subfield>
    <subfield code="t">62919</subfield>
    <subfield code="w">2022-06-30</subfield>
    <subfield code="y">BK</subfield>
    <subfield code="z">8 &#x10DA;.</subfield>
  </datafield>
</record>
